Statistiques concernant Culture Générale - Série 1804

Cliquez ici pour prendre le quiz!

Statistiques générales

  • Ce quiz a été pris 160 fois
    (71 depuis la dernière actualisation)
  • Le résultat moyen est 3 sur 10

Statistiques - réponses

QuestionRéponse% Correct
C'est à la fois un insecte redouté des maisons et un signe zodiacal ?capricorne
71%
Quelle est la capitale du Burundi ?Gitega
53%
Quel est le prénom de l'acteur français ULLIEL ?Gaspard
45%
Dans la Bible, quel fils d'Isaac et de Rebecca, a vendu son droit d'aînesse à son frère jumeau Jacob, pour un plat de lentilles ?Esaü
39%
Comment s'appelle l'arbre fruitier qui produit des brugnons ?brugnonier
29%
Une des plus célèbres erreurs judiciaires de l'histoire de France est connue sous le nom de "l'affaire du courrier de ...Lyon
26%
Qu'appelle-ton dinornis ou moa ?oiseau
15%
Sous quel nom connait-on mieux le chanteur français Jacques-André Puissant (1942-2012) ?Eric Charden
11%
Quel est le plus long fleuve du Maroc avec 1 100 kilomètres ?drâa
10%
Quelle plante originaire d'Arizona et du Mexique, où elle est cultivée pour la cire contenue dans ses graines, est appelée « Or du désert » ou « Noix de brebis » ?jojoba
5%

Distribution des résultats

Percentile par nombre de réponses

% des personnes avec chaque résultat

Votre développement - résultats

Vous n’avez pas pris ce quiz depuis la dernière actualisation